000 00611nam a2200193Ia 4500
008 090124s9999 xx 000 0 und d
020 _a81-89724-86-x
082 _b47085
100 _aकिणीकर रॉय
245 _a आंधळे रंग पांगळया रेषा
250 _a1
260 _c2007
300 _a123
600 _aकिणीकर रॉय
630 _a आंधळे रंग पांगळया रेषा
700 _aकिणीकर रॉय
730 _a आंधळे रंग पांगळया रेषा
942 _cBOOK
999 _c113308
_d113308